Costa Rica Alajuela Districts - Estadísticas

Estadísticas generales
  • Esta prueba ha sido intentada 94 veces
  • La puntuación promedio es 65 de 109
Estadísticas de respuestas
Cantón alajuelense Distrito % Correcto
Alajuela 1 Alajuela
97%
Grecia 1 Grecia
92%
Alajuela 5 Guácima
89%
Alajuela 2 | Atenas 6 | Grecia 3 | Naranjo 3 San José
86%
Upala 3 San José (Pizote)
86%
Atenas 1 Atenas
84%
Alajuela 13 Garita
84%
Alajuela 6 | Atenas 4 | Grecia 2 | San Ramón 7 San Isidro
84%
Alajuela 8 | Guatuso 1 | Poás 3 | San Ramón 6 San Rafael
84%
Orotina 1 Orotina
81%
San Mateo 1 San Mateo
81%
San Ramón 1 San Ramón
81%
Alajuela 12 Tambor
81%
Alajuela 10 Desamparados
78%
San Carlos 7 Fortuna
78%
Naranjo 1 Naranjo
78%
Palmares 1 Palmares
78%
Poás 1 | Valverde Vega 4 San Pedro
78%
Alajuela 14 Sarapiquí
78%
Alajuela 11 Turrúcares
78%
Zarcero 1 Zarcero
78%
Alajuela 7 Sabanilla
76%
Alajuela 4 San Antonio
73%
Valverde Vega 1 Sarchí Norte
73%
Grecia 5 Tacares
73%
Alajuela 3 Carrizal
70%
San Carlos 2 Florencia
70%
Los Chiles 1 | Upala 1 Los Chiles
70%
Naranjo 6 | Poás 2 | San Ramón 3 San Juan
70%
Valverde Vega 2 Sarchí Sur
70%
San Carlos 1 Quesada
68%
Grecia 6 Río Cuarto
68%
Grecia 4 San Roque
68%
Poás 4 Carrillos
65%
San Carlos 9 Palmera
65%
Grecia 7 Puente de Piedra
65%
San Carlos 4 Aguas Zarcas
62%
San Carlos 12 Monterrey
62%
San Carlos 6 Pital
62%
Alajuela 9 Río Segundo
62%
Atenas 7 Santa Eulalia
62%
Palmares 4 | San Ramón 2 Santiago
62%
San Carlos 5 Venecia
62%
Grecia 8 Bolívar
59%
San Carlos 11 Cutris
59%
San Carlos 13 Pocosol
59%
Naranjo 7 Rosario
59%
Zarcero 6 Zapote
59%
Zarcero 2 Laguna
57%
San Carlos 8 Tigra
57%
Guatuso 2 | San Carlos 3 Buenavista
54%
Atenas 2 Jesús
54%
Poás 5 Sabana Redonda
54%
Valverde Vega 3 Toro Amarillo
54%
San Carlos 10 Venado
54%
Upala 4 Bijagua
51%
Naranjo 2 San Miguel
51%
Palmares 3 Buenos Aires
49%
Orotina 5 Ceiba
49%
Palmares 6 Esquipulas
49%
San Mateo 3 Jesús María
49%
San Ramón 13 Peñas Blancas
49%
Naranjo 5 San Jerónimo
49%
San Ramón 10 Volio
49%
Palmares 2 Zaragoza
49%
Zarcero 3 Tapezco
46%
Naranjo 4 Cirrí Sur
43%
Orotina 3 Hacienda Vieja
43%
San Ramón 4 Piedades Norte
43%
San Ramón 5 Piedades Sur
43%
San Ramón 12 Zapotal
41%
Orotina 4 Coyolar
38%
Valverde Vega 5 Rodríguez
38%
San Ramón 9 Alfaro
35%
Zarcero 4 Guadalupe
35%
Orotina 2 Mastate
35%
Atenas 3 Mercedes
35%
Palmares 5 Candelaria
32%
Zarcero 5 Palmira
32%
Zarcero 7 Brisas
30%
Los Chiles 3 El Amparo
30%
Los Chiles 2 Caño Negro
27%
Atenas 5 | San Ramón 11 Concepción
27%
San Mateo 2 Desmonte
27%
Palmares 7 Granja
27%
Naranjo 8 Palmitos
27%
Upala 7 Yolillal
27%
Upala 5 Delicias
24%
Upala 6 Dos Ríos (Colonia Mayorga)
24%
Upala 2 Aguas Claras
22%
San Ramón 8 Ángeles
22%
Los Chiles 4 San Jorge
16%
Guatuso 3 Cote
11%
No se encontraron pruebas coincidentes
Distribución de puntuación
Porcentaje de gente con cada puntuación
Porcentaje por número respondido
Historial de tus puntuaciones
No has intentado esta prueba.